Teoría y práctica del análisis sintáctico en secundaria
Guardado en:
| Autor principal: | |
|---|---|
| Formato: | Libro |
| Lenguaje: | español |
| Publicado: |
Granada
Port-Royal
2003
|
| Edición: | 2a. ed |
| Colección: | Didáctica
|
| Materias: | |
| Etiquetas: |
Agregar Etiqueta
Sin Etiquetas, Sea el primero en etiquetar este registro!
|
MARC
| LEADER | 00000nam a2200000 a 4500 | ||
|---|---|---|---|
| 001 | UCL9229 | ||
| 003 | CL-VaPUC | ||
| 008 | 040730e20030000SP |||||||||||||||||spa|d | ||
| 020 | |a 8489739390 | ||
| 082 | 0 | 4 | |a 401.41 |b LOP |2 21 |
| 100 | |a López Quero, Antonio |e autor |9 487026 | ||
| 245 | 1 | 0 | |a Teoría y práctica del análisis sintáctico en secundaria |
| 250 | |a 2a. ed | ||
| 300 | |a 145 p | ||
| 942 | |c BK | ||
| 945 | |d 20040730 00:00:00 |a cmena | ||
| 260 | |a Granada |b Port-Royal |c 2003 | ||
| 650 | 0 | |a Análisis del discurso |9 256696 | |
| 650 | 0 | |a Educación lingüística |9 306506 | |
| 650 | 0 | |a Sintaxis |9 318843 | |
| 650 | 0 | |a Idioma español |9 309143 | |
| 650 | 0 | |a Métodos de enseñanza |9 270413 | |
| 583 | |a last modification |c 20040730 00:00:00 |k Rodrigo Vera | ||
| 490 | 0 | |a Didáctica | |
| 999 | |c 310093 |d 310091 | ||
| 952 | |0 0 |1 0 |4 0 |6 401_410000000000000_LOP_2003 |7 0 |8 A |9 378179 |a FDOPOS |b FDOPOS |d 2019-11-21 |i 4042522 |o 401.41 LOP 2003 |p 4042522 |r 2025-01-22 |w 2019-11-21 |y BK |k MLA | ||